000 00576nam a22002057a 4500
005 20230131145339.0
008 230131b ||||| |||| 00| 0 eng d
040 _cAL
041 _aEnglish
082 _223
_a943.086
_bRAYN
100 _aRay and Josephine Cowdery
_970305
245 _aNew German Reichschancellery in Berlin 1938-1945
260 _aUSA
_bRapid City
_c2003
300 _a125 p.
_bHB
_c28x22 cm.
650 _aGermany
_970306
650 _aGermany-Berchtesgaden
_970307
700 _aRAY
_970308
700 _aCOWDERY (Josephine)
_970309
942 _2ddc
_cDB
999 _c226498
_d226498